000 00597nam a2200181Ia 4500
003 GCL
008 140319s9999 xx 000 0 ara d
040 _aGCL /
_cGCL
082 0 4 _a636.08
_bا ت
100 1 _aايوار، ت . ك .
245 1 0 _aتطبيقات عملية فى رعاية الحيوان /
_cايوار، ت . ك .
260 _aالرياض :
_bجامعة الملك سعود ،
_c1420
300 _a426 ص ؛
_c24 سم
650 0 4 _aالحيوانات - تغذية
650 0 4 _aالحيوانات - امراض
650 0 4 _aالحيوانات - تربية
942 _2ddc
_cBK
999 _c6923
_d6923